| 000 | 00813cam a22002773a 4500 | ||
|---|---|---|---|
| 001 | 24108 | ||
| 003 | PGUSA | ||
| 005 | 20140828083521.0 | ||
| 008 | 080101s2008||||xxu|||||s|||||000 p eng d | ||
| 040 |
_aPGUSA _beng |
||
| 042 | _adc | ||
| 050 | 4 | _aPQ | |
| 050 | 4 | _aPZ | |
| 100 | 1 |
_aLa Fontaine, Jean de, _d1621-1695 |
|
| 245 | 1 | 0 |
_aFables in Rhyme for Little Folks : _bFrom the French of La Fontaine _h[electronic resource] / _cJean de La Fontaine |
| 260 |
_bProject Gutenberg, _c2008 |
||
| 506 | _aPublic domain in the USA. | ||
| 516 | _aElectronic text | ||
| 653 | _aFables | ||
| 653 | _aChildren's poetry | ||
| 700 | 1 |
_aRae, John, _d1882-1963 |
|
| 700 | 1 |
_aLarned, W. T. _q(William Trowbridge) |
|
| 830 | 0 |
_aProject Gutenberg _v24108 |
|
| 856 | 4 | 0 | _uhttp://www.gutenberg.org/ebooks/24108 |
| 942 | _cEB | ||
| 999 |
_c253363 _d253363 |
||